00681nam a22001937a 450000500170000001000150001702000260003203500140005803700090007208200170008124500680009825000060016626000450017227000410021730000200025894200280027899900190030695201620032520250714111218.0 aENG-145932 a9789383660520c600.00 aEN-129464 bDBAD a398.2095421 aIndian Drama in English:cEdited By Ananda LalbThe Beginnings/ a1 aKolkatabJadavpur university Pressc2019 aJadavpur universitybKolkatae700032 a243p.c23cm(hb) 2ddccENh398.20954mIND c212347d212347 001040718NFICaDBADbDBADd2025-07-14eDelivery of Books Act Divisiong600.00l0o398.20954 INDpEN-129464r2025-07-14 00:00:00t1v600.00w2025-07-14yEN